MARC details
| 000 -CABECERA |
| campo de control de longitud fija |
02365nam a2200457Ia 4500 |
| 001 - NÚMERO DE CONTROL |
| campo de control |
dia_5966 |
| 003 - IDENTIFICADOR DEL NÚMERO DE CONTROL |
| campo de control |
CHAP |
| 005 - FECHA Y HORA DE LA ÚLTIMA TRANSACCIÓN |
| campo de control |
20240426114643.0 |
| 007 - CAMPO FIJO DE DESCRIPCIÓN FÍSICA--INFORMACIÓN GENERAL |
| campo de control de longitud fija |
ta |
| 008 - DATOS DE LONGITUD FIJA--INFORMACIÓN GENERAL |
| campo de control de longitud fija |
220117s2014 mx abdofr 001 0 spa d |
| 040 ## - FUENTE DE LA CATALOGACIÓN |
| Centro/agencia transcriptor |
CHAP |
| Centro catalogador/agencia de origen |
mxchpua |
| 090 ## - LOCALMENTE ASIGNADO TIPO-LC NÚMERO DE CLASIFICACIÓN (OCLC); NÚMERO DE CLASIFICACIÓN LOCAL (RLIN) |
| Número de clasificación (OCLC) (R) ; Numero de clasificación, CALL (RLIN) (NR) |
T.C.674 |
| Número cutter local (OCLC) ; Número de libro/Signatura topográfica íntegra, CALL (RLIN) |
S99 EIUPA |
| Año |
2014 |
| 245 10 - MENCIÓN DE TÍTULO |
| Título |
Cooperativa avícola Juan XXIII, Santiago de Varaguas, de la república de Panamá / |
| Mención de responsabilidad, etc. |
coordinadora Rosa Guadalupe Szymanski Duque ; colaboradores Gabriela Cervantes Peinado...[et al.] |
| 260 ## - PUBLICACIÓN, DISTRIBUCIÓN, ETC. |
| Lugar de publicación, distribución, etc. |
México : |
| Nombre del editor, distribuidor, etc. |
El autor, |
| Fecha de publicación, distribución, etc. |
2014 |
| 300 ## - DESCRIPCIÓN FÍSICA |
| Extensión |
cerca 150 hojas : |
| Otras características físicas |
ilustraciones, mapas, gráficas, diagramas, tablas, fotos, planos + |
| Material acompañante/anejo |
1 CD-ROM |
| 336 ## - TIPO DE CONTENIDO |
| Fuente |
rdacontent |
| Término de tipo de contenido |
texto |
| Código de tipo de contenido |
txt |
| 337 ## - TIPO DE MEDIO |
| Fuente |
rdamedia |
| Nombre/término del tipo de medio |
no mediado |
| Código del tipo de medio |
n |
| 338 ## - TIPO DE SOPORTE |
| Fuente |
rdacarrier |
| Nombre/término del tipo de soporte |
volumen |
| Código del tipo de soporte |
nc |
| 500 ## - NOTA GENERAL |
| Nota general |
7° año Grupo 5 --<br/>El CD contiene reporte, presentación powerpoint, planos |
| 502 ## - NOTA DE TESIS |
| Nota de tesis |
Viaje de Estudios |
| Tipo de título |
(EIUPA) -- |
| Nombre de la institución que otorga el título |
UACh. Departamento de Ingeniería Agroindustrial, |
| Año de obtención del título |
2014 |
| 504 ## - NOTA DE BIBLIOGRAFÍA, ETC. |
| Nota de bibliografía, etc. |
Bibliografía: hoja 90 |
| 505 ## - NOTA DE CONTENIDO CON FORMATO |
| Nota de contenido con formato |
Contiene 3 planos --<br/>1. Plano distribución de áreas (Esc. 1:150) --<br/>2. Plano de recorrido de proceso (Esc. 1:150) --<br/>3. Plano de distribución de maquinaria y equipo (Esc. 1:150) |
| 650 13 - PUNTO DE ACCESO ADICIONAL DE MATERIA--TÉRMINO DE MATERIA |
| Término de materia o nombre geográfico como elemento de entrada |
Avicultura |
| 650 13 - PUNTO DE ACCESO ADICIONAL DE MATERIA--TÉRMINO DE MATERIA |
| Término de materia o nombre geográfico como elemento de entrada |
Industria avícola |
| 9 (RLIN) |
160269 |
| Subdivisión geográfica |
Panamá |
| -- |
Santiago de Veraguas |
| 650 13 - PUNTO DE ACCESO ADICIONAL DE MATERIA--TÉRMINO DE MATERIA |
| Término de materia o nombre geográfico como elemento de entrada |
Aviculture |
| 9 (RLIN) |
160268 |
| 650 13 - PUNTO DE ACCESO ADICIONAL DE MATERIA--TÉRMINO DE MATERIA |
| Término de materia o nombre geográfico como elemento de entrada |
Poultry industry |
| 9 (RLIN) |
160270 |
| Subdivisión geográfica |
Panamá |
| -- |
Santiago de Veraguas |
| 700 1# - PUNTO DE ACCESO ADICIONAL--NOMBRE DE PERSONA |
| Nombre de persona |
Szymanski Duque, Rosa Guadalupe |
| 9 (RLIN) |
151434 |
| Término indicativo de función/relación |
coordinadora |
| 700 1# - PUNTO DE ACCESO ADICIONAL--NOMBRE DE PERSONA |
| Nombre de persona |
Cervantes Peinado, Gabriela |
| 9 (RLIN) |
130908 |
| Término indicativo de función/relación |
colaboradora |
| 856 42 - LOCALIZACIÓN Y ACCESO ELECTRÓNICOS |
| Identificador Uniforme del Recurso |
<a href="http://10.13.5.2/ve/TC674EIUPA/TC674EIUPA2014-PLANO-DISTRIBUCIONDEAREAS.pdf">http://10.13.5.2/ve/TC674EIUPA/TC674EIUPA2014-PLANO-DISTRIBUCIONDEAREAS.pdf</a> |
| Texto de enlace |
DESCARGAR PLANO DISTRIBUCIÓN DE ÁREAS |
| 856 42 - LOCALIZACIÓN Y ACCESO ELECTRÓNICOS |
| Identificador Uniforme del Recurso |
<a href="http://10.13.5.2/ve/TC674EIUPA/TC674EIUPA2014-PLANO-RECORRIDODELPROCESO.pdf">http://10.13.5.2/ve/TC674EIUPA/TC674EIUPA2014-PLANO-RECORRIDODELPROCESO.pdf</a> |
| Texto de enlace |
DESCARGAR PLANO DE RECORRIDO DE PROCESO |
| 856 42 - LOCALIZACIÓN Y ACCESO ELECTRÓNICOS |
| Identificador Uniforme del Recurso |
<a href="http://10.13.5.2/ve/TC674EIUPA/TC674EIUPA2014-PLANO-MAQUINAS.pdf">http://10.13.5.2/ve/TC674EIUPA/TC674EIUPA2014-PLANO-MAQUINAS.pdf</a> |
| Texto de enlace |
DESCARGAR PLANO DE DISTRIBUCIÓN DE MAQUINARIA Y EQUIPO |
| 856 42 - LOCALIZACIÓN Y ACCESO ELECTRÓNICOS |
| Identificador Uniforme del Recurso |
<a href="http://10.13.5.2/ve/TC674EIUPA/TC674EIUPA2014-PRESENTACION.EMPRESA.pdf">http://10.13.5.2/ve/TC674EIUPA/TC674EIUPA2014-PRESENTACION.EMPRESA.pdf</a> |
| Texto de enlace |
DESCARGAR PRESENTACIÓN EMPRESA |
| 856 42 - LOCALIZACIÓN Y ACCESO ELECTRÓNICOS |
| Identificador Uniforme del Recurso |
<a href="http://10.13.5.2/ve/TC674EIUPA/TC674EIUPA2014-REPORTE.pdf">http://10.13.5.2/ve/TC674EIUPA/TC674EIUPA2014-REPORTE.pdf</a> |
| Texto de enlace |
DESCARGAR REPORTE |
| 942 ## - ELEMENTOS DE PUNTO DE ACCESO ADICIONAL (KOHA) |
| Fuente del sistema de clasificación o colocación |
Clasificación Universidad Autónoma de Chapingo |
| 901 ## - ELEMENTOS DE DATOS A LOCAL LDA (RLIN) |
| a |
T.C.674 S99 EIUPA 2014 |
| 902 ## - ELEMENTOS DE DATOS B LOCAL, LDB (RLIN) |
| a |
M |
| 905 ## - ELEMENTOS DE DATOS E LOCAL, LDE (RLIN) |
| a |
5232272014 mx edml8223123322spa16 |
| 942 ## - ELEMENTOS DE PUNTO DE ACCESO ADICIONAL (KOHA) |
| Tipo de ítem Koha |
Viaje de Estudios |